000 00392nam a2200169Ia 4500
005 20240823041505.0
008 240823s9999||||xx |||||||||||||| ||und||
041 _aTAMIL
082 _A809.02 P1
100 _aTharumaraj D
245 0 _aKalagakarargalum Eathir Kathaiyadalgalum
250 _a1st
260 _c2001
_bKall
500 _aYES
650 _aGeneral
_bGeneral
942 _cBK
999 _c205625
_d205625